Statistics for Crimean War Quiz

Click here to take the quiz!

General Stats

  • This quiz has been taken 113 times
  • The average score is 11 of 18

Answer Stats

QuestionAnswer% Correct
Who was the tsar of Russia at the beginning of the war?Nicholas I
89%
Russia occupied the principalities of Moldavia and Walachia, which led to the
Ottoman Empire declaring war on Russia - thus sparking the war.
In what modern-day country are those two principalities located now?
Romania
84%
What territory did Russia sell to the U.S. after the war, fearing the U.K. could
easily capture in the future?
Alaska
76%
What Italian island-kingdom was an ally of the Ottoman Empire?Sardinia
73%
Who founded modern nursing while treating the wounded during the war?Florence Nightingale
72%
What was the main naval base of Russia?Sevastopol
72%
Who was the tsar of Russia at the end of the war?Alexander II
70%
Who was the monarch of the United Kingdom during the war?Queen Victoria
70%
What military action did Alfred Tennyson write a poem about, which occurred
during the the battle in that town?
Charge of the
Light {Brigade}
67%
Who was the King of France during the war?Napoleon III
65%
In what European capital was the treaty that ended the war signed?Paris
60%
In what modern-day country was the Åland War fought?Finland
57%
What term, meaning when a band of soldiers holds out against a larger force, gets its
name from the battle in that town?
Thin {Red} Line
57%
What enemy of the Ottoman Empire was a Russian ally until 1854?Greece
54%
What town in Crimea gave its name to a type of headgear covering the
whole head, other than the eyes (aka ski mask)?
Balaclava
51%
What famous Russian author fought during the siege of the above - and wrote
a few sketches about the battle?
Leo Tolstoy
51%
In what region of the Ottoman Empire was there a dispute between Russia and France
over the privileges of Orthodox Christians and Catholic churches?
Palestine
23%
What was the name of the Ottoman Sultan?{Abdul}mejid
22%

Score Distribution

Percentile by Number Answered

Percent of People with Each Score

Your Score History

You have not taken this quiz